| 000 | 00787nam a2200229 a 4500 | ||
|---|---|---|---|
| 001 | 24845 | ||
| 003 | CO-ViMGA | ||
| 008 | 141112s2004 ck r 000 u spa d | ||
| 020 | _a9786077686415 | ||
| 040 |
_aCO-ViMGA _bspa _cCO-ViMGA |
||
| 082 | 0 | 4 | _a621.314 A59t |
| 100 | 1 |
_aÁlvarez Pulido, Manuel _937134 |
|
| 245 | 1 | 0 |
_aTransformadores : _bcálculo fácil de transformadores y autotransformadores, monofásicos y trifásicos de baja tensión / _cManuel Álvarez Pulido |
| 250 | _a1a. ed. | ||
| 260 |
_aMéxico : _bAlfaomega, _c2009 |
||
| 300 | _axxi, 271 p. : il., fots. ; 23 cm. | ||
| 598 | _aNEW - GRAL, NEW | ||
| 650 | 1 | 4 | _aTransformadores eléctricos |
| 917 | _a2009 - 6148 1 ejemplar | ||
| 942 |
_2ddc _cBK |
||
| 990 | _a2009 - 6148 Alfaomega 1 ejemplar 21 11092009 a686552 | ||
| 999 |
_c32645 _d32645 |
||